COSTOMARY LAW (Record no. 10313)

MARC details
000 -LEADER
fixed length control field 00365nam a22001577a 4500
003 - CONTROL NUMBER IDENTIFIER
control field SGT
020 ## - INTERNATIONAL STANDARD BOOK NUMBER
International Standard Book Number 9788175345904
082 ## - DEWEY DECIMAL CLASSIFICATION NUMBER
Classification number 340.560 954,KOH
100 ## - MAIN ENTRY--PERSONAL NAME
Personal name KOHLI, HARI DEV.
245 ## - TITLE STATEMENT
Title COSTOMARY LAW
Remainder of title AS AT PRESENT ASCHERTAINED
250 ## - EDITION STATEMENT
Edition statement 16TH
260 ## - PUBLICATION, DISTRIBUTION, ETC. (IMPRINT)
Place of publication, distribution, etc NEW DELHI
Name of publisher, distributor, etc UNIVERSAL
Year of Publication 2013
300 ## - PAGE DESCRIPTION
No. of Pages 960
650 ## - SUBJECT ADDED ENTRY--TOPICAL TERM
Topical term or geographic name as entry element COSTOMARY LAW
942 ## - ADDED ENTRY ELEMENTS (KOHA)
Source of classification or shelving scheme Dewey Decimal Classification
Koha item type Books
Holdings
Withdrawn status Lost status Source of classification or shelving scheme Damaged status Not for loan Collection code Home library Current library Shelving location Date acquired Vendor Name Cost, normal purchase price SGTU Bill Number Total Checkouts Full call number Accession No. (Barcode) Date last seen Bill Date Koha item type
    Dewey Decimal Classification     LAW SGT Science & Social Sciences Library SGT Science & Social Sciences Library Text Book 27/12/2016 TECHNICAL BUREAU INDIA PVT LTD 1100.00 SGTU 2002   340.560 954,KOH FL1130 27/12/2016   Books
    Dewey Decimal Classification   Not For Loan LAW SGT Science & Social Sciences Library SGT Science & Social Sciences Library Reference Book 27/12/2016 TECHNICAL BUREAU INDIA PVT LTD 1100.00 SGTU 2002   340.560 954,KOH FL1131 27/12/2016   Books